000 00274nam a22001097a 4500
082 _a621.3 TEA'E
100 _aWALTON, E. G,TEASDALL, H
_957258
245 _aELECTRIC TECHNOLOGY FOR NATIONAL CERTFICATE COURSES
250 _aV-1
260 _aLONDON
_bEUP
_c1957
942 _cBK
999 _c567552
_d567552